| 000 | 01048cab a2200241 4500 | ||
|---|---|---|---|
| 001 | ABS39694 | ||
| 008 | 090401t1988 xxu||||| |||| 00| 0 eng d | ||
| 035 | _a(Sirsi) u18362 | ||
| 041 | _aeng | ||
| 100 | _aKeane, J. | ||
| 245 | _aExtensions of time | ||
| 260 | _c1988 | ||
| 350 | _a0 | ||
| 490 |
_aChartered Quantity Surveyor _v10(12) August 1988, 13 |
||
| 520 | _aA two-part article which examines the use of computers in claims management with particular regard to establishing entitlement to extension of time. Outlines the need to provide evidence to support requests for extension of time , the preparation of a schedule of delays and the use of computer-aided programme analysis. Concludes with a summary of computer equipment, their strengths, weaknesses and costs . | ||
| 650 | _aBUILT ENVIRONMENT-BUILDING CONTRACT FORMS | ||
| 650 | _aCLAIMS | ||
| 650 | _aCRITICAL PATH ANALYSIS | ||
| 650 | _aPROGRAMME EVALUATION AND REVIEW TECHNIQUE | ||
| 690 | _aBUILDING AND CONSTRUCTION-COMPUTERS | ||
| 942 | _n0 | ||
| 948 | _c04/03/1997 | ||
| 999 |
_c12197 _d12197 |
||